| 000 | 00373nam a2200169Ia 4500 | ||
|---|---|---|---|
| 100 | _aForouzan/ Behrouz/ A | ||
| 650 | _aDatacommunications | ||
| 250 | _a4 | ||
| 942 | _cBK | ||
| 366 | _f25 | ||
| 245 | _aDatacommunication and networking | ||
| 260 |
_bMcGraw Hill _c2006 |
||
| 082 |
_a004.65/FOR _bFOR |
||
| 300 | _a1134 | ||
| 546 |
_aENGLISH _cComputers |
||
| 999 |
_c32001 _d32001 |
||